000 00636nam a22002297a 4500
001 00028915
005 20260425112452.0
008 260425b ag ||||| |||| 00| 0 spa d
020 _a8441307539
040 _aAR-CcCEOS
_bspa
_cAR-CcCEOS
041 _aspa
080 _a575
090 _bREA v.2
100 1 _aReader, John
_91136
245 _aEl origen de la vida :
_bLos primero 3.500 millones de aƱos : Volumen II /
_cJohn Reader
264 _aBarcelona :
_bFolio,
_c1997.
300 _a186 p. ;
_c24x18 cm.
490 _vAtlas culturales del mundo
650 0 _ahistoria
_990
655 0 _aarte
_9138
942 _2udc
_cBK
_n0
999 _c28967
_d28967